| 000 | 00996nam a2200217Ia 4500 | ||
|---|---|---|---|
| 003 | Ost | ||
| 005 | 20260507075804.0 | ||
| 008 | 260507s9999||||xx |||||||||||||| ||und|| | ||
| 020 | _a9772231433 | ||
| 040 | _cfsecg | ||
| 041 | _aara | ||
| 100 |
_aعشوش، محمد ايمن عبد اللطيف _eمؤلف |
||
| 245 | 0 |
_aدراسات ادارية في اقتصاديات المشروع (ك12) / _c محمد ايمن عبد اللطيف عشوش |
|
| 260 |
_aالقاهرة: _bمطبعة مركز التعليم المفتوح, _c1993 |
||
| 300 |
_a323 صفحة؛ _bإيضاحات ؛ _c24 سم |
||
| 504 | _aببليوغرافيا ص.322 | ||
| 520 | _aاقتصاديات المشروع الجديد، دراسات الجدوى المبدئية، دراسة الجدوى التسويقية، دراسة الجدوي المالية، تقييم الجدوىالقومية لمشروع الاستثمار | ||
| 653 | _aالاستثمار | ||
| 653 | _aالمشروعات | ||
| 942 | _cكتاب | ||
| 999 |
_c46368 _d46368 |
||